[Event "Lippe Cup 05th"]
[Site "Lieme"]
[Date "2008.09.28"]
[Round "4"]
[White "Wiesebach, Wolfgang"]
[Black "Fischer, Colin"]
[Result "1-0"]
[WhiteElo "1747"]
[BlackElo "1523"]
[PlyCount "61"]
[EventDate "2008.09.26"]
[EventType "swiss"]
[EventRounds "5"]
[EventCountry "GER"]
[SourceTitle "EXT 2012"]
[Source "ChessBase"]
[SourceDate "2011.11.24"]
[SourceVersion "1"]
[SourceVersionDate "2011.11.24"]
[SourceQuality "1"]

1. d4 d5 2. Bf4 Nf6 3. e3 e6 4. Nf3 Bd6 5. Ne5 0-0 6. Nd2 c5 7. c3 Qc7 8. Bg3 Nbd7 9. f4 a6 10. Bd3 c4 11. Bc2 b5 12. a3 Bb7 13. Qf3 a5 14. 0-0 b4 15. Bh4 Be7 16. Qh3 Nb6 17. Bxf6 g6 18. Qh4 Bxf6 19. Qxf6 bxc3 20. bxc3 Bc6 21. Nxc6 Qxc6 22. Nf3 Na4 23. Ne5 Qe8 24. Bxa4 Qxa4 25. Ng4 h5 26. Nh6+ Kh7 27. Nxf7 Qe8 28. Ng5+ Kg8 29. Qxe6+ Qxe6 30. Nxe6 Rae8 31. Nxf8 1-0